000
00337nam a2200133Ia 4500
008
240624s9999 xx 000 0 und d
041
_a
eng
082
_a
332.63 NAN
100
_a
NANDURY TEJASWY
245
_a
MULTI BAGGERS HOW TO PROFIT FROM MEGA RE
260
_c
2016
_a
Delhi
_b
Vision Books
300
_a
236 p.; 22 cm.
365
_c
RS
999
_c
28817
_d
28817